Principles of compiler design / (Record no. 13758)

MARC details
000 -LEADER
fixed length control field 00600nam a22001817a 4500
008 - FIXED-LENGTH DATA ELEMENTS--GENERAL INFORMATION
fixed length control field 100323t xxu||||| |||| 00| 0 eng d
020 ## - INTERNATIONAL STANDARD BOOK NUMBER
International Standard Book Number 9788184323437
082 ## - DEWEY DECIMAL CLASSIFICATION NUMBER
Edition number 22
Classification number 005.453
Item number PUN
100 ## - MAIN ENTRY--PERSONAL NAME
9 (RLIN) 13035
Personal name Puntambekar, Anuradha A.
245 ## - TITLE STATEMENT
Title Principles of compiler design /
Remainder of title Anuradha A. Puntambeker.
250 ## - EDITION STATEMENT
Edition statement 2nd ed.
Remainder of edition statement Revised ed.
260 ## - PUBLICATION, DISTRIBUTION, ETC. (IMPRINT)
Place of publication, distribution, etc Pune;India:
Name of publisher, distributor, etc Technical publications,
Date of publication, distribution, etc c.[2008].
300 ## - PHYSICAL DESCRIPTION
Extent 1Vol.:
Other physical details ill;
Dimensions 25 cm.
500 ## - GENERAL NOTE
General note Revised ed. 2008.
650 ## - SUBJECT ADDED ENTRY--TOPICAL TERM
Topical term or geographic name as entry element Compilers (Computer programs)
9 (RLIN) 13036
650 ## - SUBJECT ADDED ENTRY--TOPICAL TERM
Topical term or geographic name as entry element Computer systems Compilers Design
9 (RLIN) 13037
942 ## - ADDED ENTRY ELEMENTS (KOHA)
Source of classification or shelving scheme Dewey Decimal Classification
Item type Book - Borrowing
Holdings
Withdrawn status Item status Source of classification or shelving scheme Damaged status Not for loan Vendor Home library Current library Shelving location Date acquired Source of acquisition Cost, normal purchase price Serial Enumeration / chronology Total Checkouts Full call number Barcode Date last seen Date last borrowed Koha item type
    Dewey Decimal Classification     Alahram Central Library Central Library Lower Floor 23/03/2010   63.00 35 3 005.453 PUN 000019789 15/07/2025 10/07/2012 Book - Borrowing